| 000 | 01945nam a2200385 i 4500 | ||
|---|---|---|---|
| 003 | EG-ScBUE | ||
| 005 | 20230323105117.0 | ||
| 008 | 180228s1999 ua f b 000 0 ara d | ||
| 017 | _a99 / 11624 | ||
| 020 | _a9773051536 | ||
| 040 |
_aEG-ScBUE _bara _erda _cEG-ScBUE _dEG-ScBUE |
||
| 041 | 1 |
_aara _keng _hfre |
|
| 082 | 0 | 4 |
_a792.0944361 _bو ل ي _222 |
| 100 | 1 |
_aوليامز، دافيد، _eمؤلف. |
|
| 240 | 1 | 0 |
_aCollaborative theatre : The théâtre du soleil sourcebook. _lArabic |
| 245 | 1 | 2 |
_aالمسرح التعاوني : _bمسرح الشمس / _cتأليف دافيد وليامز ؛ ترجمه عن الفرنسية إيريك برينووتز، دافيد وليامز ؛ ترجمة د. أمين حسين الرباط ؛ مراجعة أ. د. علي جمال الدين عزت. |
| 264 | 1 |
_aالقاهرة : _bوزارة الثقافة، _c1999. |
|
| 300 |
_a325 صفحة ؛ _c24 سم. |
||
| 336 |
_2rdacontent _aنص _btxt |
||
| 337 |
_2rdamedia _aبدون وسيط _bn |
||
| 338 |
_2rdacarrier _aمجلد _bnc |
||
| 490 | 0 |
_aوزارة الثقافة. _aمهرجان القاهرة الدولي. _aالمسرح التجريبي ؛ _v11 |
|
| 504 | _aيشتمل على إرجاعات ببليوجرافية. | ||
| 546 | _aالنص باللغة العربية ؛ مترجم من اللغة الإنجليزية ؛ مترجم من اللغة الأصلية الفرنسية. | ||
| 600 | 1 | 7 |
_aمنوشكين، أريان، _d1939- _xتاريخ ونقد. _2BUEsh |
| 600 | 1 | 7 |
_aمنوشكين، أريان، _d1939- _vمقابلات. _2BUEsh |
| 650 | 7 |
_aالمسرح _xتاريخ. _2BUEsh |
|
| 651 | _2BUEsh | ||
| 653 |
_bGGEN _cFebruary2018 |
||
| 655 | _vReading book | ||
| 700 | 1 |
_aبرينووتز، إيريك، _eمترجم عن الفرنسية. |
|
| 700 | 1 |
_aالرباط، أمين حسين، _eمترجم عن الإنجليزية. _916752 |
|
| 700 | 1 |
_aعزت، علي جمال الدين، _eمراجع. |
|
| 942 | _2ddc | ||
| 999 |
_c26202 _d26174 |
||